00779nam a22001937a 450000500170000000800410001702000150005804000100007304100080008308200210009110000230011224500520013526000250018730000280021236500220024052002840026265000140054670000250056020210930143704.0210930b ||||| |||| 00| 0 eng d a0029177758 aALc  aeng 223a306.3 bLANA aSteven E Landsburg aArmchair EconomistbEconomics and Everyday Life aNew YorkbFree Press aix,241 p.bHBc23x16 cm b$22.95c$d$22.95 aLandsburg aims to show how economic thinking illuminates the entire range of human behaviour. But instead of focusing on the workings of financial markets and international trade, he looks at the details of daily life to reveal what the laws of economics tell us about ourselves. aEconomics aLANDSBURG (Steven E)